000 00309nam a22001457a 4500
008 210608b ||||| |||| 00| 0 eng d
020 _a9780871203137
041 _aeng
080 _a7
082 _a7
100 _a44
101 _aART
245 _aUnderstanding by Design
_cWiggins,G
942 _2udc
_cBK
999 _c58059
_d58059